Implementácia moderných koncepcií v podnikovej logistike na Slovensku v ére digitálnej technológie zborník vedeckých statí

Na minha lista:
Detalhes bibliográficos
Autor Corporativo: Fakulta podnikového manažmentu EU. Katedra manažmentu výroby a logistiky - zrušená
Outros Autores: Richnák, Patrik, 1988-, Romanová, Anita, 1973-, Molnár, Pavol
Formato: Livro
Idioma:eslovaco
inglês
Publicado em: Bratislava Vydavateľstvo EKONÓM 2018
Edição:1. vydanie
Assuntos:
Tags: Adicionar Tag
Sem tags, seja o primeiro a adicionar uma tag!

MARC

LEADER 00000nam a2200000 4500
001 0261524
005 20240502074147.8
020 |a 978-80-225-4539-6 
041 0 |a slo 
041 0 |a eng 
044 |a SK 
245 1 0 |a Implementácia moderných koncepcií v podnikovej logistike na Slovensku v ére digitálnej technológie  |b zborník vedeckých statí  |c redakčné a zostaviteľské práce: Patrik Richnák 
250 |a 1. vydanie 
264 1 |a Bratislava  |b Vydavateľstvo EKONÓM  |c 2018 
300 |a 84 s. [6,55 AH] 
610 2 0 |a logistika podniková 
610 2 0 |a digitalizácia 
610 2 0 |a technológie nové 
610 2 0 |a priemysel 4.0 
610 2 0 |a riadenie kvality 
610 2 0 |a automatizácia 
610 2 0 |a robotizácia 
700 1 |a Richnák, Patrik, 1988- 
700 1 |a Romanová, Anita, 1973- 
700 1 |a Molnár, Pavol 
710 2 |a Fakulta podnikového manažmentu EU. Katedra manažmentu výroby a logistiky - zrušená